000 00216 a2200097 4500
001 42235
100 _aTwenty C G
245 _aCh. Technical Dictionary
260 _a
_bW & R Chambers Ltd
_c
090 _c26211
_d26211
942 _aNUST-CAE
_cM
_c18016
999 _c277308
_d277308